Normal view
MARC view
Entry Personal Name
001 - CONTROL NUMBER
- control field: 2097
003 - CONTROL NUMBER IDENTIFIER
- control field: OSt
005 - DATE AND TIME OF LATEST TRANSACTION
- control field: 20220106141957.0
008 - FIXED-LENGTH DATA ELEMENTS
- fixed length control field: 220106|| aca||aabn | a|a d
040 ## - CATALOGING SOURCE
- Original cataloging agency: OSt
- Transcribing agency: OSt
100 ## - HEADING--PERSONAL NAME
- Personal name: Leroy, Nirva Morriseau Solomon, Martin & Basu, Juliu
670 ## - SOURCE DATA FOUND
- Source citation: Work cat.: (OSt): Leroy, Nirva Morriseau Solomon, Martin & Basu, Juliu , Oracle 8i: java component programming with EJB, corba and JS